00940nam a22002657a 4500003000500000005001700005008004100022010001000063011001000073035001100083040000900094100002700103245011700130260004000247300003600287502007500323530003600398650001400434650003400448650004100482650002700523650003100550650002900581856006400610CHAP20220329143327.0080815s2008 mx a r 00010 spa d a95028 a96000 a106638 cCHAP1 aValencia Franco, Edgar10aProyecto para la engorda de corderos en la delegación Milpa Alta, Distrito Federalc/por Edgar Valencia Franco aChapingo, Méx. :bEl autor,c2008 aiv, 59 h. :bgráfs. ; cuadros aTesis (Ing. Agr. Esp. en Zootecnia) -- UACH. Departamento de Zootecnia aTambién disponible en línea14aCorrales.14aGanado lanarxAlimentación.14aGanado lanarxAspectos económicos.14aGanado lanarxEngorda.14aIndicadores de desarrollo.14aProyectosxEvaluación. 3Finding aiduhttp://10.13.5.2/tesis/106638.pdfzTeclea aqui